Quizzes
Events
Quiz Creation
Community
Videos
Private Events
Remove Ads
Sign In
Join for FREE
Feedback
Dark Mode
Quiz Categories
Sports
Geography
Music
Movies
Television
Just For Fun
Miscellaneous
History
Literature
Language
Science
Gaming
Entertainment
Religion
Holiday
For Kids
Quiz Lab
Recent
Popular Today
Quiz Kudos Today
Editor Picks
Curator Picks
Quizzes by...
Day
Popularity
Type
Ratings
Length
Year
Community
Subscriptions
Recent Discussions
Orange Saloon
Badges
Playlists
Quests
Create
Leaderboards
Showdown
Live 5
Trivia Bingo
Activity
Puzzle Library
Sporcle Events
Private Events
Virtual Trivia
Globe League
Become a Host
Pub Owners
SporcleCon
Opinionation
Our Games
Videos
Blog
Mobile Apps
Partnerships
Remove Ads and Go Orange
Feedback
Language
Vocabulary
Begins and Ends
Definition
Spanish
French
German
Italian
Chinese
Latin
Translation
Japanese
Language
Vocabulary
Begins and Ends
Definition
Spanish
French
German
Italian
Chinese
Latin
Translation
Japanese
Random Quiz
Search Sporcle
×
Quiz Lab
Quiz Lab
Language
Definition
Type in answers that appear in a list
Type in answers that appear in a list
Classic
Best Score? Go Orange.
AE10B - Vocabulary List #1 Stats
Can you name the words that fit these definitions?
By
ProfBurnce
4m
20 Questions
38 Plays
38 Plays
38 Plays
Comments
Comments
Give Quiz Kudos
Give Quiz Kudos
-
- Ratings
hide this ad
Forced Order
Answers have to be entered in order
Answers have to be entered in order
Random Order
Randomize order of answers
Randomize order of answers
Replay
Link that replays current quiz
Next Quiz
Link to next quiz in quiz playlist
You Got
0%
They Got
Avg Score
72%
Avg Friend Score
Upgrade to see
Score Distribution
Jump to the score distribution portion of the page
Score
0/20
Timer
04:00
0
Plays Today
Definition
Word
% Correct
clothing
attire
89.5%
the broad, flat front of a cliff
bluff
86.8%
to pour liquid all over something or someone
douse
86.8%
to find yourself being pulled in the direction of an object or person
gravitate
86.8%
hesitant or unsure
tentative
86.8%
of, in, or near the stomach
gastric
84.2%
to sing in a low, gentle tone
croon
81.6%
behavior
deportment
76.3%
to soften or make less intense
subdue
76.3%
deliberate harm to someone’s reputation
libel
76.3%
Definition
Word
% Correct
put on
donned
71.1%
something intended to provoke, such as insults or challenges
provocation
68.4%
similar; comparable
analogous
65.8%
cautious, on your guard against something
wary
63.2%
avoidance of doing or answering something directly
evasion
60.5%
being a natural part of something else
innate
60.5%
a deviation, or a moving away from, something that is normal
aberration
60.5%
too great or too much; overly
inordinately
57.9%
noisy and unruly
obstreperous
57.9%
showing or displaying something
indicative
50%
Quiz Playlist
Details
Report
Send in Message
Add To Playlist
Classic:
Type in answers that appear in a list
Forced Order:
Answers have to be entered in order
Random Order:
Randomize order of answers
Last Updated: Feb 16, 2017
Quiz Scoreboard
CHALLENGE
Sign Up to Join the Scoreboard
Show All
Scores
Hide
Comments
May contain spoilers
Recently Published
Movies - When Are They Set?
by FPL_Elf
Movies
5m
Popular People in 1961
by mucciniale
History
6m
1-10 Letter E Words III
by El_Dandy
Language
2m
More to Explore
Quiz From the Vault
Featured Blog Post
Where Did the Easter Bunny Come From?
hide this ad
You Might Also Like...
Tags
Definition Quiz
Vocabulary Quiz
fit
Today's Top Quizzes in Language
Browse Language
hide this ad
Today's Top Quizzes in Definition
Browse Definition
Top Contributed Quizzes in Language
1
Order Up: Top 10 Most Native Spoken Languages
2
1-10 Letter F Words III
3
1-10 Letter G Words III
4
1-10 Letter H Words III
5
One Thing in Common: Italy
6
1-10 Letter I Words III
7
Begins and Ends With AN
8
Weisst du, aus welchen Sprachen diese Wörter stammen?
9
Hiragana Speed Reading
10
1-10 Letter J Words III
Explore More
Trending Topics
Kpop
Disney
Marvel
NBA
Crossword
Harry Potter
Anime
Song
WWE
Puzzle
Soccer
The Office
Country
NFL
Pokémon
hide this ad
More By:
ProfBurnce
Quiz
Plays
Rating
Category
Featured
Created
CWA - Vocabulary List #1
77
Language
Apr 6, 2010
CW - Vocabulary List 4 - Group 1
66
1.50
Language
Oct 19, 2009
CW - Vocabulary List 6 - Group 1
63
1.50
Language
Nov 2, 2009
AE10B - Vocabulary List #3
50
Language
Apr 20, 2010
CW - Vocabulary List 5 - Group 1
49
2.00
Language
Oct 26, 2009
Go to Creator's Profile
Score Distribution
Quiz Creator Spotlight
ProfBurnce
Follow
Send a Message
Quizzes Created
-
Created Quiz Play Count
-
More By This Creator
Popular Quizzes Today
1
Find the US States - No Outlines Minefield
2
Find the Countries of Europe - No Outlines Minefield
3
The Countries of the World
4
Popular People in 1961
5
1-10 Letter E Words III
6
US States
7
Find the US States
8
One Thing in Common: World Cities II
More Language Quizzes
'Bel-' Vocabulary
Curator's Pick
Trending Quizzes
Risky Map Clicking: Least Populous States A-Z
1-10 Letter F Words
Humor Books: The Subtitles
1-10 Letter G Words
One Thing in Common: United Kingdom
Recently Updated
Leaping Animals
pecheneg
Reality TV Shows (A-Z)
bhenderson79
Rickey Henderson's Hall of Fame Teammates
pecheneg
Champions League XIs: Arsenal
pecheneg
Quick Pick: Celebrities in WWE's Hall of Fame
aduchscher
A-Z Keypad Blitz II
pecheneg
Multiple Oscar Actors
pecheneg
Mystery Phrase Blitz: Oscar 'Best Actors'
pecheneg
F. Scott Fitzgerald Novels
LTH
Pick 3 Villains
ddd62291
Trending Topics
Disney
Marvel
Anime
Harry Potter
Crossword
Kpop
NBA
Country
Puzzle
WWE
NFL
The Office
Pokémon
Song
Soccer
Your Account Isn't Verified!
In order to create a playlist on Sporcle, you need to verify the email address you used during registration. Go to your
Sporcle Settings
to finish the process.
Report this User
Report this user for behavior that violates our
Community Guidelines
.
Details:
Send Report
Go to the Sporcle.com Mobile Site →
Comments